[Event "Wuerttemberg-chT Rapid"]
[Site "Boeblingen"]
[Date "2024.04.13"]
[Round "4.28"]
[White "Eisele, Steffen"]
[Black "Guenter, Alexander"]
[Result "1-0"]
[WhiteElo "2230"]
[BlackElo "1997"]
[PlyCount "107"]
[EventDate "2024.04.13"]
[EventType "team-tourn"]
[EventRounds "9"]
[EventCountry "GER"]
[SourceTitle "CB17_2024"]
[SourceDate "2024.04.24"]
[SourceVersion "1"]
[SourceVersionDate "2024.04.24"]
[SourceQuality "1"]

1. e4 e5 2. Nf3 Nc6 3. Bb5 Bc5 4. c3 a6 5. Bxc6 bxc6 6. Nxe5 Qe7 7. d4 d6 8. Nxc6 Qxe4+ 9. Qe2 Qxe2+ 10. Kxe2 Bb6 11. Re1 Be6 12. Kf1 Kd7 13. Nb4 Bc4+ 14. Kg1 Nf6 15. Bg5 a5 16. Nd2 Be6 17. Nd3 Bf5 18. Bxf6 gxf6 19. Ne4 Kc6 20. Nf4 Bxe4 21. Rxe4 Rae8 22. Rae1 Rxe4 23. Rxe4 Kd7 24. Nd5 f5 25. Re7+ Kc6 26. Nxb6 cxb6 27. Rxf7 Re8 28. Kf1 Kd5 29. Rxf5+ Kc4 30. a4 d5 31. Rf6 Rb8 32. Rd6 Kb3 33. Rxd5 Kxb2 34. Rb5+ Kxc3 35. d5 Kc4 36. f4 Rd8 37. Ke2 Rxd5 38. Rxd5 Kxd5 39. Kd3 Kc5 40. Kc3 b5 41. axb5 Kxb5 42. f5 Kc5 43. g4 a4 44. f6 Kd6 45. g5 Ke6 46. Kb4 Kf7 47. Kxa4 Kg6 48. Kb5 h5 49. h4 Kf7 50. Kc6 Ke6 51. Kc7 Kf5 52. f7 Kg4 53. f8Q Kxh4 54. g6 1-0

[Event "Wuerttemberg-chT Rapid"]
[Site "Boeblingen"]
[Date "2024.04.13"]
[Round "3.16"]
[White "Schaffert, Walter"]
[Black "Eisele, Steffen"]
[Result "1-0"]
[WhiteElo "2033"]
[BlackElo "2230"]
[PlyCount "83"]
[EventDate "2024.04.13"]
[EventType "team-tourn"]
[EventRounds "9"]
[EventCountry "GER"]
[SourceTitle "CB17_2024"]
[SourceDate "2024.04.24"]
[SourceVersion "1"]
[SourceVersionDate "2024.04.24"]
[SourceQuality "1"]

1. e4 e6 2. Qe2 Nc6 3. f4 Nd4 4. Qd1 c5 5. c3 Nc6 6. Nf3 d5 7. e5 d4 8. d3 b6 9. Be2 Bb7 10. 0-0 h5 11. Nbd2 Nh6 12. Ne4 Nf5 13. c4 Be7 14. Nfg5 h4 15. a3 Qd7 16. Bd2 Ne3 17. Bxe3 dxe3 18. Rf3 Bxg5 19. Nxg5 Nd4 20. Rxe3 Nf5 21. Rh3 Qd4+ 22. Kh1 Ne3 23. Qa4+ Ke7 24. Bf3 Bxf3 25. Rxf3 Qxb2 26. Rg1 Nf5 27. Qc6 Rad8 28. a4 Nd4 29. Qe4 Nxf3 30. Qxf3 Rd7 31. Ne4 Rhd8 32. Qg4 Rxd3 33. Qxg7 h3 34. Qf6+ Kd7 35. Qxf7+ Kc6 36. Qxe6+ Kb7 37. Nd6+ Ka6 38. Qe7 Rd1 39. Qb7+ Ka5 40. Qxa7+ Kb4 41. Qxb6+ Kc3 42. Qxb2+ 1-0

[Event "Wuerttemberg-chT Rapid"]
[Site "Boeblingen"]
[Date "2024.04.13"]
[Round "9.12"]
[White "Schuh, Bernd Martin"]
[Black "Eisele, Steffen"]
[Result "1/2-1/2"]
[WhiteElo "1976"]
[BlackElo "2230"]
[PlyCount "90"]
[EventDate "2024.04.13"]
[EventType "team-tourn"]
[EventRounds "9"]
[EventCountry "GER"]
[SourceTitle "CB17_2024"]
[SourceDate "2024.04.24"]
[SourceVersion "1"]
[SourceVersionDate "2024.04.24"]
[SourceQuality "1"]

1. Nf3 d5 2. g3 Bg4 3. Bg2 Nd7 4. c4 e6 5. b3 Ngf6 6. Bb2 Be7 7. d3 0-0 8. 0-0 a5 9. a3 c6 10. Nbd2 h6 11. Qc2 Ne8 12. e4 Bf6 13. e5 Be7 14. cxd5 exd5 15. d4 f6 16. Qg6 Be6 17. Rae1 Bf7 18. Qg4 h5 19. Qh3 Bg6 20. Re3 Nc7 21. Nh4 Bh7 22. Bf3 fxe5 23. Bxh5 Bxh4 24. gxh4 Nf6 25. Rxe5 Nxh5 26. Rxh5 Qf6 27. Qg3 Ne6 28. Re5 Nf4 29. Re3 Rae8 30. Kh1 Qf5 31. Rg1 Qf7 32. Rf3 Be4 33. Nxe4 Rxe4 34. Qg5 Qe7 35. Qxe7 Rxe7 36. Bc1 Ne2 37. Rxf8+ Kxf8 38. Rd1 Re4 39. Be3 Rxh4 40. Kg2 Nf4+ 41. Kg3 g5 42. Bxf4 Rxf4 43. f3 Kf7 44. Rd3 Kf6 45. h3 Kf5 1/2-1/2

[Event "Wuerttemberg-chT Rapid"]
[Site "Boeblingen"]
[Date "2024.04.13"]
[Round "5.12"]
[White "Siegle, Florian"]
[Black "Eisele, Steffen"]
[Result "1-0"]
[WhiteElo "1912"]
[BlackElo "2230"]
[PlyCount "49"]
[EventDate "2024.04.13"]
[EventType "team-tourn"]
[EventRounds "9"]
[EventCountry "GER"]
[SourceTitle "CB17_2024"]
[SourceDate "2024.04.24"]
[SourceVersion "1"]
[SourceVersionDate "2024.04.24"]
[SourceQuality "1"]

1. e4 e6 2. d4 d5 3. Nc3 Bb4 4. e5 c5 5. a3 Bxc3+ 6. bxc3 Qc7 7. a4 b6 8. Bb5+ Bd7 9. Ne2 Bxb5 10. axb5 a5 11. bxa6 Rxa6 12. Ba3 Nd7 13. 0-0 Ne7 14. Qd3 Ra8 15. f4 0-0 16. Ng3 g6 17. Bb2 Nc6 18. c4 Nb4 19. Qb3 dxc4 20. Qxc4 Nd5 21. Qe2 Rxa1 22. Bxa1 Ra8 23. c4 Rxa1 24. Rxa1 Nxf4 25. Qf3 1-0

[Event "Oberliga Wuerttemberg 2122"]
[Site "Wuerttemberg"]
[Date "2022.03.13"]
[Round "7.4"]
[White "Frick, Christoph"]
[Black "Eisele, Steffen"]
[Result "1-0"]
[WhiteElo "2128"]
[BlackElo "2240"]
[PlyCount "83"]
[EventDate "2021.09.19"]
[EventType "team-tourn"]
[EventRounds "9"]
[EventCountry "GER"]
[SourceTitle "EXT 2023"]
[Source "ChessBase"]
[SourceDate "2022.10.05"]
[SourceVersion "1"]
[SourceVersionDate "2022.10.05"]
[SourceQuality "1"]
[WhiteTeam "Bebenhausen"]
[BlackTeam "Schmiden/Cannstatt"]
[WhiteTeamCountry "GER"]
[BlackTeamCountry "GER"]

1. d4 g6 2. Nc3 Bg7 3. Bf4 c5 4. e3 cxd4 5. exd4 Qb6 6. Nf3 d6 7. Bb5+ Nc6 8. Nd5 Qd8 9. 0-0 a6 10. Be2 e6 11. Ne3 Nge7 12. Nc4 Nf5 13. d5 e5 14. Bd2 Ncd4 15. Nxd4 exd4 16. Bd3 0-0 17. a4 Re8 18. Re1 Rxe1+ 19. Qxe1 Bd7 20. a5 Bb5 21. Nb6 Bxd3 22. cxd3 Rb8 23. Qe4 h5 24. h3 Bf6 25. Bf4 Bg5 26. Re1 Bxf4 27. Qxf4 h4 28. Re4 Qc7 29. Qg5 Qc2 30. Rf4 Qxd3 31. Nd7 Rc8 32. Nf6+ Kg7 33. Ne4 Rc1+ 34. Kh2 Qd1 35. Qf6+ Kg8 36. Qd8+ Kg7 37. Qf6+ Kg8 38. Qd8+ Kh7 39. Rxh4+ Nxh4 40. Qxh4+ Kg7 41. Qf6+ Kg8 42. Ng5 1-0

[Event "Oberliga Wuerttemberg 2122"]
[Site "Wuerttemberg"]
[Date "2022.02.13"]
[Round "6.7"]
[White "Reimche, Vadim"]
[Black "Eisele, Steffen"]
[Result "0-1"]
[WhiteElo "2047"]
[BlackElo "2240"]
[PlyCount "68"]
[EventDate "2021.09.19"]
[EventType "team-tourn"]
[EventRounds "9"]
[EventCountry "GER"]
[SourceTitle "EXT 2023"]
[Source "ChessBase"]
[SourceDate "2022.10.05"]
[SourceVersion "1"]
[SourceVersionDate "2022.10.05"]
[SourceQuality "1"]
[WhiteTeam "Biberach"]
[BlackTeam "Schmiden/Cannstatt"]
[WhiteTeamCountry "GER"]
[BlackTeamCountry "GER"]

1. d4 d5 2. c4 Nc6 3. e3 e5 4. cxd5 Qxd5 5. Nc3 Bb4 6. Bd2 Bxc3 7. bxc3 Qd6 8. Bd3 Nf6 9. Ne2 0-0 10. 0-0 b6 11. a4 Re8 12. Ng3 Be6 13. Qc2 Rad8 14. Bb5 Bd7 15. Rfd1 Ne7 16. Be1 c6 17. Bf1 h5 18. c4 exd4 19. Rxd4 Qc7 20. Bc3 c5 21. Rf4 Ng4 22. Nxh5 Ng6 23. Rxg4 Bxg4 24. Nxg7 Re5 25. h3 Bc8 26. Be2 Rg5 27. Bf6 Rxg2+ 28. Kxg2 Qc6+ 29. Kh2 Qxf6 30. Rg1 Kxg7 31. f4 Kf8 32. Rg3 Qd6 33. f5 Nh4 34. Qc3 Nxf5 0-1

[Event "Oberliga Wuerttemberg 2122"]
[Site "Wuerttemberg"]
[Date "2021.09.19"]
[Round "1.6"]
[White "Kuebler, Marcus"]
[Black "Eisele, Steffen"]
[Result "0-1"]
[WhiteElo "1969"]
[BlackElo "2240"]
[PlyCount "56"]
[EventDate "2021.09.19"]
[EventType "team-tourn"]
[EventRounds "9"]
[EventCountry "GER"]
[SourceTitle "EXT 2023"]
[Source "ChessBase"]
[SourceDate "2022.10.05"]
[SourceVersion "1"]
[SourceVersionDate "2022.10.05"]
[SourceQuality "1"]
[WhiteTeam "Schoenaich II"]
[BlackTeam "Schmiden/Cannstatt"]
[WhiteTeamCountry "GER"]
[BlackTeamCountry "GER"]

1. d4 g6 2. e4 Bg7 3. Nc3 d6 4. f4 a6 5. Nf3 b5 6. Bd3 c5 7. dxc5 dxc5 8. e5 Bf5 9. Be3 Nd7 10. Bxf5 gxf5 11. e6 fxe6 12. Ng5 Bxc3+ 13. bxc3 Ngf6 14. Nxe6 Qb6 15. Qf3 Qxe6 16. Qxa8+ Kf7 17. Qf3 Ng4 18. 0-0-0 Ndf6 19. Bxc5 Ne4 20. Rhe1 Ngf6 21. Kb1 Rc8 22. Bd4 Nd5 23. Qh5+ Kf8 24. Qxh7 Ndxc3+ 25. Kc1 Nxa2+ 26. Kb2 Rxc2+ 27. Kxc2 Nb4+ 28. Kc1 Qc4+ 0-1

[Event "Oberliga Wuerttemberg 1920"]
[Site "Wuerttemberg"]
[Date "2020.03.01"]
[Round "8.6"]
[White "Engelhart, Achim"]
[Black "Eisele, Steffen"]
[Result "1-0"]
[WhiteElo "2011"]
[BlackElo "2195"]
[PlyCount "63"]
[EventDate "2019.09.15"]
[EventType "team-tourn"]
[EventRounds "9"]
[EventCountry "GER"]
[SourceTitle "EXT 2021"]
[Source "ChessBase"]
[SourceDate "2020.10.23"]
[SourceVersion "1"]
[SourceVersionDate "2020.10.23"]
[SourceQuality "1"]
[WhiteTeam "Jedesheim"]
[BlackTeam "Schmiden Cannstatt"]
[WhiteTeamCountry "GER"]
[BlackTeamCountry "GER"]

1. e4 e6 2. d4 d5 3. Nd2 Nf6 4. e5 Nfd7 5. c3 c5 6. Bd3 Nc6 7. Ne2 Qb6 8. Nf3 cxd4 9. cxd4 f6 10. exf6 Nxf6 11. 0-0 Bd6 12. Bf4 Bxf4 13. Nxf4 0-0 14. Qd2 Bd7 15. Rad1 Qc7 16. Rfe1 Ne4 17. Bxe4 Rxf4 18. Bb1 Raf8 19. Qe3 Qd8 20. Rd2 Rxf3 21. gxf3 Qh4 22. Kh1 Rf4 23. Red1 g5 24. Bc2 a6 25. Ba4 b5 26. Bc2 Kf7 27. Bb3 Kf6 28. Rd3 Qh3 29. Rg1 e5 30. dxe5+ Nxe5 31. Rxd5 Nxf3 32. Rd6+ 1-0

[Event "Oberliga Wuerttemberg 1920"]
[Site "Wuerttemberg"]
[Date "2020.01.19"]
[Round "6.7"]
[White "Schnadt, Florian"]
[Black "Eisele, Steffen"]
[Result "0-1"]
[WhiteElo "2046"]
[BlackElo "2195"]
[PlyCount "52"]
[EventDate "2019.09.15"]
[EventType "team-tourn"]
[EventRounds "9"]
[EventCountry "GER"]
[SourceTitle "EXT 2021"]
[Source "ChessBase"]
[SourceDate "2020.10.23"]
[SourceVersion "1"]
[SourceVersionDate "2020.10.23"]
[SourceQuality "1"]
[WhiteTeam "Schoenaich II"]
[BlackTeam "Schmiden Cannstatt"]
[WhiteTeamCountry "GER"]
[BlackTeamCountry "GER"]

1. Nf3 g6 2. g3 Bg7 3. Bg2 e5 4. 0-0 Nc6 5. c4 Nge7 6. Nc3 d6 7. d3 h6 8. e4 0-0 9. Be3 Nd4 10. h3 Be6 11. Kh2 f5 12. Bxd4 exd4 13. Ne2 c5 14. Nd2 Rb8 15. Nf4 Bf7 16. exf5 Nxf5 17. Qg4 Kh7 18. Bd5 h5 19. Qf3 Bh6 20. Bxf7 Rxf7 21. Qd5 Qd7 22. Ne4 Re8 23. Nd2 Re5 24. Qf3 Nh4 25. Qh1 Rxf4 26. gxh4 Rxh4 0-1

[Event "Oberliga Wuerttemberg 1920"]
[Site "Wuerttemberg"]
[Date "2019.09.15"]
[Round "1.7"]
[White "Reindl, Arno"]
[Black "Eisele, Steffen"]
[Result "1/2-1/2"]
[WhiteElo "1995"]
[BlackElo "2195"]
[PlyCount "128"]
[EventDate "2019.09.15"]
[EventType "team-tourn"]
[EventRounds "9"]
[EventCountry "GER"]
[SourceTitle "EXT 2021"]
[Source "ChessBase"]
[SourceDate "2020.10.23"]
[SourceVersion "1"]
[SourceVersionDate "2020.10.23"]
[SourceQuality "1"]
[WhiteTeam "Schwaebisch Gmuend"]
[BlackTeam "Schmiden Cannstatt"]
[WhiteTeamCountry "GER"]
[BlackTeamCountry "GER"]

1. e4 g6 2. d4 Bg7 3. Nc3 d6 4. Be3 a6 5. a4 Nc6 6. Nf3 Nf6 7. h3 0-0 8. Be2 e5 9. dxe5 dxe5 10. Qxd8 Rxd8 11. Bc4 Nb4 12. Rc1 Ne8 13. 0-0 Nd6 14. Bb3 b6 15. a5 bxa5 16. Ra1 Bb7 17. Rxa5 Nxe4 18. Nxe5 Bxe5 19. Rxe5 Nxc3 20. bxc3 Nd5 21. Bg5 Rd6 22. c4 f6 23. Rxd5 Bxd5 24. Bf4 Bf7 25. Bxd6 cxd6 26. Rd1 a5 27. Ba4 Rb8 28. Rxd6 Rb1+ 29. Kh2 Rb4 30. Bb5 Bxc4 31. Bxc4+ Rxc4 32. Ra6 Rxc2 33. Rxa5 Rxf2 34. Ra7 Re2 35. Kg3 h5 36. Kf3 Re5 37. h4 Kf8 38. Rb7 Re7 39. Rb4 Kf7 40. Ra4 Rb7 41. Re4 Rb3+ 42. Kf4 Rb1 43. Ra4 Rf1+ 44. Kg3 Rd1 45. Kf3 Ke6 46. Re4+ Kd5 47. Re8 Rd4 48. g3 Rg4 49. Ra8 f5 50. Ra6 Ke5 51. Ra5+ Kf6 52. Ra6+ Kg7 53. Ra7+ Kh6 54. Ra6 Re4 55. Rb6 Kg7 56. Ra6 Kf7 57. Ra7+ Kf6 58. Ra6+ Re6 59. Ra4 g5 60. hxg5+ Kxg5 61. Ra8 Rb6 62. Rg8+ Kf6 63. Rf8+ Ke5 64. Re8+ Kf6 1/2-1/2

[Event "Oberliga Wuerttemberg 1819"]
[Site "Wuerttemberg"]
[Date "2018.11.11"]
[Round "3"]
[White "Eisele, Steffen"]
[Black "Oberst, Thomas"]
[Result "0-1"]
[WhiteElo "2281"]
[BlackElo "2263"]
[PlyCount "142"]
[EventDate "2018.09.23"]
[EventType "team-tourn"]
[EventRounds "9"]
[EventCountry "GER"]
[SourceTitle "EXT 2020"]
[Source "ChessBase"]
[SourceDate "2019.10.17"]
[SourceVersion "1"]
[SourceVersionDate "2019.10.17"]
[SourceQuality "1"]
[WhiteTeam "Schmiden Cannstatt"]
[BlackTeam "Biberach"]
[WhiteTeamCountry "GER"]
[BlackTeamCountry "GER"]

1. e4 c5 2. b4 cxb4 3. a3 bxa3 4. Bxa3 d6 5. d4 Nf6 6. Nd2 g6 7. Be2 Bg7 8. h4 h5 9. Nh3 Nc6 10. c3 Bxh3 11. Rxh3 a6 12. Bd3 0-0 13. f4 Ng4 14. Rb1 b5 15. Rg3 e5 16. dxe5 Qxh4 17. Qf3 b4 18. Bxb4 Nxb4 19. Rxb4 dxe5 20. f5 Bh6 21. Ke2 Bf4 22. Rh3 Qe7 23. Bc4 Kg7 24. Rh1 a5 25. Rb2 Rfb8 26. Rhb1 Rxb2 27. Rxb2 a4 28. Bd5 Ra7 29. g3 a3 30. Ra2 Be3 31. Nc4 Bc5 32. Kd3 Qg5 33. Kc2 gxf5 34. exf5 Kf6 35. Bxf7 Rxf7 36. Qc6+ Kg7 37. Qxc5 Qxf5+ 38. Kb3 Qb1+ 39. Kxa3 Rb7 40. Nd2 Qd3 41. Nb3 Qxg3 42. Rd2 Qe3 43. Qd5 Qb6 44. Kb2 Kh6 45. Qg8 Rb8 46. Qf7 Qf6 47. Qc7 Rb6 48. Qc4 Qe6 49. Qxe6+ Rxe6 50. Nc5 Rb6+ 51. Kc2 h4 52. Rd3 Kg5 53. Rf3 Rh6 54. Ne4+ Kg6 55. Rh3 Kf5 56. Kd3 Rh8 57. Rf3+ Kg6 58. Nf2 Nxf2+ 59. Rxf2 h3 60. Rh2 Kf5 61. Ke3 Kg4 62. Kf2 Rc8 63. Rh1 Rxc3 64. Ra1 Kf4 65. Ra4+ e4 66. Ra8 Rc2+ 67. Kg1 e3 68. Rf8+ Kg3 69. Rg8+ Kf3 70. Rf8+ Ke2 71. Kh2 Kd1+ 0-1

[Event "Oberliga Wuerttemberg 1718"]
[Site "Wuerttemberg"]
[Date "2017.10.22"]
[Round "3"]
[White "Eisele, Steffen"]
[Black "Birkenmaier, Rainer"]
[Result "1/2-1/2"]
[WhiteElo "2276"]
[BlackElo "2100"]
[PlyCount "63"]
[EventDate "2017.09.17"]
[EventType "team-tourn"]
[EventRounds "9"]
[EventCountry "GER"]
[SourceTitle "EXT 2019"]
[Source "ChessBase"]
[SourceDate "2018.10.10"]
[SourceVersion "1"]
[SourceVersionDate "2018.10.10"]
[SourceQuality "1"]
[WhiteTeam "Schmiden Cannstatt"]
[BlackTeam "Biberach"]
[WhiteTeamCountry "GER"]
[BlackTeamCountry "GER"]

1. e4 g6 2. d4 Bg7 3. Nc3 c6 4. Nf3 d5 5. h3 dxe4 6. Nxe4 Nf6 7. Nxf6+ exf6 8. Bc4 0-0 9. 0-0 Be6 10. Bxe6 fxe6 11. Bf4 Re8 12. Re1 Nd7 13. Qd3 Nb6 14. Rad1 Qd5 15. b3 Rad8 16. c4 Qd7 17. Qc2 Bf8 18. Bd2 Nc8 19. Ba5 b6 20. Bc3 Bg7 21. Rd2 Nd6 22. Qb2 Qf7 23. Rde2 Rc8 24. Kh1 Nb7 25. Nh2 c5 26. d5 exd5 27. cxd5 Rxe2 28. Rxe2 Qxd5 29. Ng4 Rf8 30. Qc1 Nd6 31. Qf4 Nf5 32. Rd2 1/2-1/2

[Event "Oberliga Wuerttemberg 1617"]
[Site "Wuerttemberg"]
[Date "2016.11.13"]
[Round "4.6"]
[White "Eisele, Steffen"]
[Black "Held, Paul"]
[Result "1-0"]
[WhiteElo "2269"]
[BlackElo "2209"]
[PlyCount "55"]
[EventDate "2016.09.25"]
[EventType "team-tourn"]
[EventRounds "11"]
[EventCountry "GER"]
[SourceTitle "EXT 2019"]
[Source "ChessBase"]
[SourceDate "2018.10.10"]
[SourceVersion "1"]
[SourceVersionDate "2018.10.10"]
[SourceQuality "1"]
[WhiteTeam "Schmiden Cannstatt"]
[BlackTeam "Schwaebisch Gmuend"]
[WhiteTeamCountry "GER"]
[BlackTeamCountry "GER"]

1. e4 e5 2. f4 exf4 3. Bc4 Qh4+ 4. Kf1 Nf6 5. Nc3 d6 6. Nf3 Qh5 7. d4 Be6 8. d5 Bg4 9. Bxf4 Be7 10. h3 Nbd7 11. Rh2 Bxf3 12. gxf3 Qh4 13. Be3 Nh5 14. Qe1 a6 15. Be2 Ng3+ 16. Kg2 Nxe2 17. Nxe2 Qxe1 18. Rxe1 Bf6 19. Nd4 g6 20. a4 0-0 21. Rd1 Rfe8 22. a5 Ne5 23. b3 Re7 24. Bh6 Bh4 25. Kf1 Rc8 26. Rg2 Rce8 27. f4 Nd7 28. Nf5 1-0

[Event "Oberliga Wuerttemberg 1516"]
[Site "Wuerttemberg"]
[Date "2016.03.13"]
[Round "8.7"]
[White "Eisele, Steffen"]
[Black "Fritsch, Rolf"]
[Result "1-0"]
[WhiteElo "2223"]
[BlackElo "2189"]
[PlyCount "69"]
[EventDate "2015.09.20"]
[EventType "team-tourn"]
[EventRounds "9"]
[EventCountry "GER"]
[SourceTitle "EXT 2019"]
[Source "ChessBase"]
[SourceDate "2018.10.10"]
[SourceVersion "1"]
[SourceVersionDate "2018.10.10"]
[SourceQuality "1"]
[WhiteTeam "Schmiden Cannstatt"]
[BlackTeam "Stuttgart SF"]
[WhiteTeamCountry "GER"]
[BlackTeamCountry "GER"]

1. e4 g6 2. d4 Bg7 3. Nc3 d6 4. Be3 a6 5. Qd2 Nd7 6. 0-0-0 b5 7. h4 h6 8. h5 gxh5 9. Nge2 e6 10. Ng3 h4 11. Nh5 Bf8 12. Bd3 Bb7 13. f3 Rc8 14. Bf2 Be7 15. d5 Ne5 16. Be2 Ng6 17. f4 e5 18. Bg4 exf4 19. Ne2 Bg5 20. Nd4 Kf8 21. Kb1 f3 22. Qc3 Nf6 23. Bxc8 Qxc8 24. Qxf3 Ne5 25. Qe2 Qg4 26. Nxf6 Bxf6 27. Bxh4 Bxh4 28. Qxg4 Nxg4 29. Rxh4 Bc8 30. Ne6+ Bxe6 31. dxe6 Ne5 32. Rdh1 Rg8 33. Rxh6 Rxg2 34. Rf1 Kg7 35. e7 1-0

[Event "Oberliga Wuerttemberg 1516"]
[Site "Wuerttemberg"]
[Date "2016.01.31"]
[Round "6.7"]
[White "Eisele, Steffen"]
[Black "Frick, Christoph"]
[Result "1-0"]
[WhiteElo "2223"]
[BlackElo "2194"]
[PlyCount "61"]
[EventDate "2015.09.20"]
[EventType "team-tourn"]
[EventRounds "9"]
[EventCountry "GER"]
[SourceTitle "EXT 2019"]
[Source "ChessBase"]
[SourceDate "2018.10.10"]
[SourceVersion "1"]
[SourceVersionDate "2018.10.10"]
[SourceQuality "1"]
[WhiteTeam "Schmiden Cannstatt"]
[BlackTeam "Bebenhausen"]
[WhiteTeamCountry "GER"]
[BlackTeamCountry "GER"]

1. e4 c6 2. d4 d5 3. Nd2 dxe4 4. Nxe4 Nf6 5. Nxf6+ exf6 6. c3 Bd6 7. Bd3 0-0 8. Qc2 Re8+ 9. Ne2 g6 10. h4 Be6 11. h5 f5 12. hxg6 fxg6 13. Bh6 Nd7 14. 0-0-0 Bf7 15. g4 fxg4 16. Rdg1 Nf6 17. f4 Qa5 18. f5 Rxe2 19. Qxe2 gxf5 20. Qd2 Ne4 21. Bxe4 fxe4 22. Rxg4+ Bg6 23. Qg2 Qf5 24. Be3 Rf8 25. Qh3 Kh8 26. Rhg1 Qf3 27. Qh6 Qe2 28. Rxg6 Rf1+ 29. Rxf1 Qxf1+ 30. Kd2 Qd3+ 31. Ke1 1-0

[Event "Oberliga Wuerttemberg 1516"]
[Site "Wuerttemberg"]
[Date "2015.12.13"]
[Round "4.7"]
[White "Eisele, Steffen"]
[Black "Pohl, Walter"]
[Result "1/2-1/2"]
[WhiteElo "2223"]
[BlackElo "2064"]
[PlyCount "41"]
[EventDate "2015.09.20"]
[EventType "team-tourn"]
[EventRounds "9"]
[EventCountry "GER"]
[SourceTitle "EXT 2019"]
[Source "ChessBase"]
[SourceDate "2018.10.10"]
[SourceVersion "1"]
[SourceVersionDate "2018.10.10"]
[SourceQuality "1"]
[WhiteTeam "Schmiden Cannstatt"]
[BlackTeam "Schwaebisch Gmuend"]
[WhiteTeamCountry "GER"]
[BlackTeamCountry "GER"]

1. e4 c5 2. Nf3 Nc6 3. Bb5 Na5 4. a4 a6 5. Be2 Nc6 6. d4 cxd4 7. Nxd4 e5 8. Nb3 d6 9. Nc3 Be6 10. 0-0 Nge7 11. Bg5 f6 12. Be3 f5 13. f4 fxe4 14. fxe5 Nf5 15. Bf4 Qb6+ 16. Kh1 dxe5 17. Bg5 Be7 18. Nd5 Qd8 19. Nxe7 Ncxe7 20. Nc5 Qb6 21. Nxe6 1/2-1/2

[Event "Oberliga Wuerttemberg 1516"]
[Site "Wuerttemberg"]
[Date "2015.11.15"]
[Round "3.8"]
[White "Eisele, Steffen"]
[Black "Mayer, Arnd"]
[Result "1/2-1/2"]
[WhiteElo "2223"]
[BlackElo "1997"]
[PlyCount "67"]
[EventDate "2015.09.20"]
[EventType "team-tourn"]
[EventRounds "9"]
[EventCountry "GER"]
[SourceTitle "EXT 2019"]
[Source "ChessBase"]
[SourceDate "2018.10.10"]
[SourceVersion "1"]
[SourceVersionDate "2018.10.10"]
[SourceQuality "1"]
[WhiteTeam "Schmiden Cannstatt"]
[BlackTeam "Jedesheim"]
[WhiteTeamCountry "GER"]
[BlackTeamCountry "GER"]

1. e4 d6 2. d4 Nf6 3. Nc3 g6 4. Be3 Bg7 5. f3 0-0 6. Qd2 e5 7. Nge2 Nc6 8. d5 Ne7 9. 0-0-0 Ne8 10. g4 f5 11. gxf5 gxf5 12. Bg5 Nf6 13. Ng3 a6 14. Rg1 f4 15. Nh1 Ng6 16. h4 Ne7 17. Qh2 Kh8 18. h5 h6 19. Rd2 Nh7 20. Bh4 Bf6 21. Bxf6+ Rxf6 22. Qh4 Bd7 23. Nf2 Ng8 24. Ng4 Rf7 25. Qh1 Rg7 26. Rdg2 Ng5 27. Be2 Kh7 28. Qh4 Qe7 29. Nd1 Bxg4 30. Qxg4 Kh8 31. Nf2 Nf6 32. Qh4 Rag8 33. Ng4 Kh7 34. Nxf6+ 1/2-1/2

[Event "BL2-Sued 1415"]
[Site "Germany"]
[Date "2015.02.01"]
[Round "6.5"]
[White "Schwarz, Michael"]
[Black "Eisele, Steffen"]
[Result "1-0"]
[WhiteElo "2383"]
[BlackElo "2279"]
[PlyCount "129"]
[EventDate "2014.09.21"]
[EventType "team-tourn"]
[EventRounds "9"]
[EventCountry "GER"]
[SourceTitle "CBM 166 Extra"]
[Source "ChessBase"]
[SourceDate "2015.06.18"]
[SourceVersion "1"]
[SourceVersionDate "2015.06.18"]
[SourceQuality "1"]
[WhiteTeam "Baden-Baden II"]
[BlackTeam "Schmiden Cannstatt"]
[WhiteTeamCountry "GER"]
[BlackTeamCountry "GER"]

1. c4 g6 2. g3 Bg7 3. Bg2 e5 4. e4 Nc6 5. d3 Nge7 6. Ne2 d6 7. Be3 Nd4 8. Nxd4 exd4 9. Bf4 0-0 10. 0-0 h6 11. b4 c6 12. a4 Be6 13. Na3 Qd7 14. h4 f6 15. Nc2 g5 16. Bd2 Bh3 17. Bxh3 Qxh3 18. Nxd4 f5 19. Ne6 f4 20. gxf4 Qxe6 21. f5 Nxf5 22. exf5 Rxf5 23. Rb1 gxh4 24. f4 Bd4+ 25. Kh2 Kh7 26. Qf3 Rg8 27. Rbe1 Qf6 28. Qe4 Qg6 29. Qf3 Qg3+ 30. Qxg3 hxg3+ 31. Kg2 Rh5 32. Rh1 Rxh1 33. Rxh1 Rg4 34. f5 Be5 35. Bxh6 Kg8 36. Be3 b5 37. axb5 cxb5 38. Kf3 Rg7 39. cxb5 d5 40. d4 Bd6 41. Bf4 g2 42. Rg1 Bxf4 43. Kxf4 Kf7 44. Ke5 Rg4 45. Kxd5 Kf6 46. Kc5 Kxf5 47. d5 Ke5 48. d6 Rd4 49. Rxg2 Rd5+ 50. Kc4 Rxd6 51. Re2+ Kf6 52. Kc5 Rb6 53. Ra2 Rb7 54. Ra6+ Ke5 55. b6 axb6+ 56. Rxb6 Rd7 57. Rh6 Rd1 58. b5 Rc1+ 59. Kb6 Kd5 60. Kb7 Rb1 61. b6 Rb2 62. Kc7 Rc2+ 63. Kb8 Rb2 64. b7 Rb1 65. Ka7 1-0

[Event "Oberliga Wuerttemberg 1314"]
[Site "Wuerttemberg"]
[Date "2013.11.24"]
[Round "3.5"]
[White "Eisele, Steffen"]
[Black "Carstens, Andreas"]
[Result "0-1"]
[WhiteElo "2222"]
[BlackElo "2139"]
[PlyCount "68"]
[EventDate "2013.10.13"]
[EventType "team-tourn"]
[EventRounds "9"]
[EventCountry "GER"]
[SourceTitle "EXT 2019"]
[Source "ChessBase"]
[SourceDate "2018.10.10"]
[SourceVersion "1"]
[SourceVersionDate "2018.10.10"]
[SourceQuality "1"]
[WhiteTeam "Schmiden Cannstatt"]
[BlackTeam "Bebenhausen"]
[WhiteTeamCountry "GER"]
[BlackTeamCountry "GER"]

1. e4 e6 2. d4 d5 3. Nc3 Bb4 4. e5 c5 5. a3 Bxc3+ 6. bxc3 Qc7 7. Nf3 b6 8. Bb5+ Bd7 9. a4 Bxb5 10. axb5 a5 11. bxa6 Rxa6 12. Rxa6 Nxa6 13. Qd3 Nb8 14. Be3 Ne7 15. 0-0 0-0 16. Ng5 g6 17. dxc5 bxc5 18. Bf4 h6 19. Nf3 Kg7 20. Qd2 Rh8 21. h3 Nd7 22. Ra1 g5 23. Bh2 Ng6 24. c4 dxc4 25. Qe2 Nb6 26. Nd2 Rd8 27. Ne4 Rd4 28. Nd6 Qc6 29. Ra7 Nh4 30. Rxf7+ Kg8 31. Rf3 Qd5 32. Bg3 Rd2 33. Qe3 Nxf3+ 34. gxf3 Qd4 0-1